[Event "Pan American-ch School U15 12th"]
[Site "Callao"]
[Date "2023.10.16"]
[Round "2"]
[White "De la Cruz De la Roca, Alan Rafael"]
[Black "Ravello Arroyo, Hector Ivan"]
[Result "0-1"]
[WhiteElo "1544"]
[BlackElo "1113"]
[PlyCount "100"]
[EventDate "2023.10.16"]
[EventType "swiss"]
[EventRounds "9"]
[EventCountry "PER"]
[SourceTitle "Mega2024 Update 01"]
[Source "Chessbase"]
[SourceDate "2023.11.12"]
[SourceVersion "1"]
[SourceVersionDate "2023.11.12"]
[SourceQuality "1"]

1. e4 c5 2. Nf3 e6 3. d4 cxd4 4. Nxd4 a6 5. Nc3 Qc7 6. a3 Nf6 7. Be3 Be7 8. Be2 d6 9. Qd2 b5 10. 0-0 Bb7 11. Bf3 0-0 12. Rad1 Nbd7 13. Nb3 Ne5 14. Qe2 Nc4 15. Bc1 Nxa3 16. bxa3 Qxc3 17. Rd3 Qc7 18. Bb2 e5 19. Re1 Rac8 20. Rc3 Qb6 21. Qe3 Qxe3 22. Rexe3 Rxc3 23. Bxc3 Rc8 24. Nd2 Nd7 25. Nb3 Nb6 26. Na5 Ba8 27. Bg4 Rc7 28. Bb4 Rxc2 29. Kf1 g6 30. f3 Na4 31. Re2 Rxe2 32. Kxe2 Nb6 33. Nb3 Kf8 34. Ba5 Nc4 35. Bc8 Nxa3 36. Bb4 Nc4 37. Bxa6 Bc6 38. g4 Ke8 39. Na5 Nxa5 40. Bxa5 Bd8 41. Bb4 Kd7 42. Kd3 Bb6 43. Kc3 Bc5 44. Ba5 Bf2 45. Kd3 Bg1 46. h3 Bf2 47. Ke2 Bc5 48. Kd3 Bd4 49. Ke2 Ke6 50. Bc8+ Bd7 0-1

[Event "South America-ch 1st"]
[Site "Lima"]
[Date "2023.09.21"]
[Round "8"]
[White "Santiago Lastra, Nefi"]
[Black "De la Cruz De la Roca, Alan Rafael"]
[Result "1/2-1/2"]
[WhiteElo "1917"]
[BlackElo "1454"]
[PlyCount "66"]
[EventDate "2023.09.14"]
[EventType "swiss"]
[EventRounds "9"]
[EventCountry "PER"]
[SourceTitle "EXT 2024"]
[Source "ChessBase"]
[SourceDate "2023.10.10"]
[SourceVersion "1"]
[SourceVersionDate "2023.10.10"]
[SourceQuality "1"]

1. e4 c5 2. c4 Nc6 3. g3 g6 4. Bg2 Bg7 5. Ne2 d6 6. Nbc3 Nf6 7. d3 0-0 8. 0-0 a6 9. Nd5 Rb8 10. Nxf6+ Bxf6 11. Bh6 Bg7 12. Qd2 b5 13. Bxg7 Kxg7 14. b3 e5 15. f4 f6 16. Rf2 Qe7 17. Raf1 Be6 18. f5 Bd7 19. fxg6 hxg6 20. cxb5 axb5 21. Nc3 Be6 22. h4 Nd4 23. Bh1 b4 24. Nd1 f5 25. Ne3 fxe4 26. Bxe4 Rxf2 27. Qxf2 Rd8 28. Nd5 Bxd5 29. Bxd5 Rf8 30. Qe3 Rxf1+ 31. Kxf1 Qf6+ 32. Kg2 Qf5 33. Qd2 Qg4 1/2-1/2